Statistics for Montpellier Hérault SC Squad 2022-2023

Click here to take the quiz!

General Stats

  • This quiz has been taken 20 times
  • The average score is 18 of 34

Answer Stats

#PositionNationPlayer% Correct
1GKSwitzerlandJonas Omlin
93%
11MFFranceTéji Savanier
93%
21FWFranceElye Wahi
87%
10FWEnglandStephy Mavididi
87%
77DFMaliFalaye Sacko
80%
12MFFranceJordan Ferri
80%
13MFFranceJoris Chotard
80%
75DFFranceMamadou Sakho
80%
99FWTunisiaWahbi Khazri
73%
16GKFranceDimitry Bertaud
67%
-CoachArmeniaMichel Der Zakarian
67%
7FWFranceArnaud Nordin
60%
40GKFranceBenjamin Lecomte
60%
6DFFranceChristopher Jullien
60%
5DFPortugalPedro Mendes
60%
22MFFranceKhalil Fayad
53%
4DFMaliKiki Kouyaté
53%
18MFFranceLéo Leroy
53%
90GKSenegalBingourou Kamara
47%
3DFGuineaIssiaga Sylla
47%
30GKPortugalMatis Carvalho
47%
14DFFranceMaxime Estève
47%
15DFUruguayMathías Suárez
40%
31DFFranceNicolas Cozza
40%
-CoachFranceOlivier Dall'Oglio
40%
9FWFranceValère Germain
40%
28FWCongoBéni Makouana
33%
29DFCameroonEnzo Tchato
33%
27DFFranceFaitout Maouassa
33%
-CoachFranceRomain Pitau
33%
19MFFranceSacha Delaye
33%
17DFFranceThéo Sainte-Luce
33%
2DFFranceArnaud Souquet
13%
26DFFranceThibault Tamas
0%

Score Distribution

Percentile by Number Answered

Percent of People with Each Score

Your Score History

You have not taken this quiz